[Event "Ekstraliga 2019"]
[Site "Katowice"]
[Date "2019.08.28"]
[Round "1.29"]
[White "Butkiewicz, Lukasz"]
[Black "Szustakowski, Antoni"]
[Result "0-1"]
[BlackElo "2256"]
[WhiteElo "2436"]
[WhiteTeam "Bialy Krol Wisznia Mala"]
[BlackTeam "Baszta MOS Znin"]
[LiveChessVersion "1.4.8"]

1. d4 {[%clk 1:30:53]} d5 {[%clk 1:30:51]} 2. c4 {[%clk 1:30:11]} dxc4
{[%clk 1:31:02]} 3. e3 {[%clk 1:29:26]} c5 {[%clk 1:31:23]} 4. Bxc4
{[%clk 1:27:59]} cxd4 {[%clk 1:31:42]} 5. Nf3 {[%clk 1:24:29]} Qc7
{[%clk 1:31:59]} 6. Bb3 {[%clk 1:23:28]} e6 {[%clk 1:32:18]} 7. Nxd4
{[%clk 1:20:48]} Bd7 {[%clk 1:26:06]} 8. Nc3 {[%clk 1:19:52]} a6 {[%clk 1:26:28]}
9. e4 {[%clk 1:16:38]} Nc6 {[%clk 1:25:26]} 10. Be3 {[%clk 1:15:46]} Nf6
{[%clk 1:20:45]} 11. Rc1 {[%clk 1:09:33]} Bb4 {[%clk 1:17:57]} 12. f3
{[%clk 1:06:36]} Bd6 {[%clk 1:01:02]} 13. g3 {[%clk 1:01:32]} O-O
{[%clk 0:59:41]} 14. Qe2 {[%clk 0:50:32]} Be5 {[%clk 0:44:44]} 15. Nxc6
{[%clk 0:49:47]} Bxc6 {[%clk 0:44:56]} 16. O-O {[%clk 0:48:13]} h5
{[%clk 0:40:26]} 17. Na4 {[%clk 0:36:25]} h4 {[%clk 0:31:44]} 18. g4
{[%clk 0:33:43]} Bf4 {[%clk 0:28:16]} 19. Nc5 {[%clk 0:31:00]} Bb5
{[%clk 0:23:51]} 20. Nd3 {[%clk 0:30:39]} Bxd3 {[%clk 0:18:12]} 21. Qxd3
{[%clk 0:31:02]} Bxh2+ {[%clk 0:18:10]} 22. Kh1 {[%clk 0:31:28]} Qb8
{[%clk 0:18:16]} 23. Bb6 {[%clk 0:28:32]} Bf4 {[%clk 0:16:53]} 24. Rc2
{[%clk 0:25:53]} Rc8 {[%clk 0:15:26]} 25. Rd1 {[%clk 0:25:04]} Qe5
{[%clk 0:14:25]} 26. Re2 {[%clk 0:23:56]} Qg5 {[%clk 0:13:01]} 27. Qd4
{[%clk 0:19:01]} Qb5 {[%clk 0:12:26]} 28. Rc2 {[%clk 0:10:25]} Rxc2
{[%clk 0:11:04]} 29. Bxc2 {[%clk 0:10:51]} Be5 {[%clk 0:11:20]} 30. Qf2
{[%clk 0:11:11]} Qxb2 {[%clk 0:11:12]} 31. Bb3 {[%clk 0:11:15]} Qc3
{[%clk 0:09:44]} 32. Be3 {[%clk 0:09:56]} Bg3 {[%clk 0:09:13]} 33. Qe2
{[%clk 0:10:17]} Qc7 {[%clk 0:08:42]} 34. Qc4 {[%clk 0:09:33]} Qe5
{[%clk 0:06:53]} 35. Qd4 {[%clk 0:08:22]} Qxd4 {[%clk 0:06:03]} 36. Rxd4
{[%clk 0:08:43]} Rc8 {[%clk 0:03:38]} 37. g5 {[%clk 0:07:33]} Nh5
{[%clk 0:03:24]} 38. g6 {[%clk 0:07:55]} Re8 {[%clk 0:02:46]} 39. Rd7
{[%clk 0:06:43]} fxg6 {[%clk 0:03:12]} 40. Rxb7 {[%clk 0:32:00]} Bf4
{[%clk 0:32:42]} 41. Bf2 {[%clk 0:29:35]} h3 {[%clk 0:31:59]} 42. Rb6
{[%clk 0:27:43]} Kf7 {[%clk 0:32:26]} 43. Rxa6 {[%clk 0:26:22]} Ng3+
{[%clk 0:32:24]} 44. Bxg3 {[%clk 0:24:35]} Bxg3 {[%clk 0:32:51]} 45. Rc6
{[%clk 0:23:09]} Kf6 {[%clk 0:32:25]} 46. Rc1 {[%clk 0:11:25]} Rd8
{[%clk 0:31:47]} 47. Rd1 {[%clk 0:11:10]} Rc8 {[%clk 0:30:26]} 48. Rg1
{[%clk 0:10:32]} Bf4 {[%clk 0:30:22]} 49. Rf1 {[%clk 0:10:27]} Rc3
{[%clk 0:30:11]} 50. Kg1 {[%clk 0:08:08]} Rd3 {[%clk 0:30:09]} 51. Kh1
{[%clk 0:08:23]} Rd2 {[%clk 0:30:11]} 52. Kg1 {[%clk 0:08:40]} Kg5
{[%clk 0:29:56]} 53. Rd1 {[%clk 0:08:05]} Rb2 {[%clk 0:26:17]} 54. Bxe6
{[%clk 0:05:26]} Kh4 {[%clk 0:24:32]} 55. Kh1 {[%clk 0:05:51]} Rh2+
{[%clk 0:23:41]} 56. Kg1 {[%clk 0:06:17]} Kg3 {[%clk 0:23:53]} 57. Bxh3
{[%clk 0:05:43]} Be3+ {[%clk 0:24:07]} 58. Kf1 {[%clk 0:06:08]} Kxf3
{[%clk 0:24:02]} 0-1

[Event "Ekstraliga 2019"]
[Site "Katowice"]
[Date "2019.08.29"]
[Round "2.6"]
[White "Antolak, Julia"]
[Black "Majdan, Joanna"]
[Result "1/2-1/2"]
[BlackElo "2368"]
[WhiteElo "2240"]
[WhiteTeam "Baszta MOS Znin"]
[BlackTeam "Wieza Pegow"]
[LiveChessVersion "1.4.8"]

1. e4 g6 2. d4 {[%clk 1:31:16]} Bg7 {[%clk 1:31:09]} 3. Nc3 {[%clk 1:30:44]} d6
{[%clk 1:30:44]} 4. Be3 {[%clk 1:30:38]} c6 {[%clk 1:30:30]} 5. Qd2
{[%clk 1:28:27]} Nd7 {[%clk 1:29:34]} 6. h4 h5 {[%clk 1:29:16]} 7. f3
{[%clk 1:28:28]} b5 {[%clk 1:28:23]} 8. Nh3 Nb6 9. Bd3 {[%clk 1:21:54]} Rb8
{[%clk 1:25:24]} 10. Ne2 {[%clk 1:18:31]} Nc4 {[%clk 1:19:48]} 11. Bxc4
{[%clk 1:01:28]} bxc4 {[%clk 1:16:16]} 12. O-O-O {[%clk 1:00:12]} Qb6
{[%clk 1:16:24]} 13. c3 {[%clk 0:58:48]} Qa5 {[%clk 1:16:01]} 14. Kb1 Nf6 15. Ng5
{[%clk 0:43:36]} Nd7 {[%clk 1:11:57]} 16. Rc1 {[%clk 0:36:31]} Nb6
{[%clk 1:10:04]} 17. Rc2 {[%clk 0:34:20]} Na4 {[%clk 1:08:37]} 18. Qe1
{[%clk 0:24:08]} Bd7 {[%clk 0:56:48]} 19. Bc1 {[%clk 0:23:06]} c5
{[%clk 0:50:55]} 20. Qd2 {[%clk 0:21:27]} cxd4 {[%clk 0:42:29]} 21. cxd4
{[%clk 0:18:50]} Qb6 {[%clk 0:40:38]} 22. Rxc4 {[%clk 0:16:08]} Bb5
{[%clk 0:40:39]} 23. Rc2 {[%clk 0:14:31]} Bxe2 {[%clk 0:34:11]} 24. Qxe2
{[%clk 0:14:57]} Qxd4 {[%clk 0:34:16]} 25. Ka1 {[%clk 0:08:52]} Qb4
{[%clk 0:27:21]} 26. f4 {[%clk 0:06:05]} O-O {[%clk 0:25:56]} 27. Rh3
{[%clk 0:05:47]} Rbc8 {[%clk 0:23:59]} 28. Rb3 {[%clk 0:05:01]} Rxc2
{[%clk 0:19:05]} 29. Qxc2 {[%clk 0:05:27]} Qe1 {[%clk 0:18:56]} 30. Nf3 Qf1
{[%clk 0:18:35]} 31. e5 {[%clk 0:04:33]} dxe5 {[%clk 0:12:20]} 32. fxe5
{[%clk 0:02:38]} Nb6 {[%clk 0:09:33]} 33. Kb1 {[%clk 0:01:38]} Rd8 34. e6 f5
{[%clk 0:07:54]} 35. Ng5 {[%clk 0:01:33]} Rc8 {[%clk 0:06:32]} 36. Qd2
{[%clk 0:01:58]} Nc4 {[%clk 0:06:25]} 37. Qf4 {[%clk 0:02:11]} Qd1
{[%clk 0:05:14]} 38. Rb8 {[%clk 0:01:33]} Na3+ {[%clk 0:03:39]} 39. Ka1
{[%clk 0:00:39]} Nc2+ {[%clk 0:02:04]} 40. Kb1 {[%clk 0:31:08]} Na3+ 41. Ka1
{[%clk 0:29:19]} Qxc1+ {[%clk 0:29:06]} 42. Qxc1 {[%clk 0:29:27]} Rxb8
{[%clk 0:29:34]} 43. Nh3 {[%clk 0:25:32]} Bxb2+ {[%clk 0:24:42]} 44. Qxb2
{[%clk 0:25:54]} Rxb2 {[%clk 0:25:11]} 45. Kxb2 {[%clk 0:26:17]} Nb5
{[%clk 0:25:33]} 46. Nf4 {[%clk 0:24:38]} Kg7 47. Nd5 {[%clk 0:17:08]} Nd4
{[%clk 0:26:17]} 48. Nxe7 {[%clk 0:16:48]} Nxe6 {[%clk 0:26:40]} 49. Nc6
{[%clk 0:12:52]} Nf4 {[%clk 0:24:17]} 50. g3 {[%clk 0:12:20]} Ne2
{[%clk 0:24:36]} 51. Nxa7 {[%clk 0:12:46]} Nxg3 {[%clk 0:25:03]} 52. Nc6
{[%clk 0:12:27]} Kf6 {[%clk 0:23:45]} 53. a4 {[%clk 0:11:35]} Ke6
{[%clk 0:19:01]} 54. Kc2 {[%clk 0:10:29]} Ne2 {[%clk 0:16:24]} 55. a5
{[%clk 0:06:46]} Kd6 {[%clk 0:16:30]} 56. Nd8 {[%clk 0:07:05]} Nd4+
{[%clk 0:14:42]} 57. Kc3 {[%clk 0:04:15]} Nb5+ {[%clk 0:12:50]} 58. Kc4
{[%clk 0:04:21]} Nc7 {[%clk 0:12:20]} 59. Kd4 {[%clk 0:03:42]} Nb5+
{[%clk 0:12:23]} 60. Kc4 {[%clk 0:03:53]} Nc7 {[%clk 0:12:50]} 61. Kd4 Nd5 62.
Kc3 1/2-1/2

[Event "Ekstraliga 2019"]
[Site "Katowice"]
[Date "2019.08.29"]
[Round "2.7"]
[White "Piorun, Kacper"]
[Black "Kuzmicz, Krystian"]
[Result "1-0"]
[BlackElo "2461"]
[WhiteElo "2660"]
[WhiteTeam "KSz Stilon Gorzow"]
[BlackTeam "Bialy Krol Wisznia Mala"]
[LiveChessVersion "1.4.8"]

1. e4 {[%clk 1:30:56]} e5 {[%clk 1:30:37]} 2. Nf3 {[%clk 1:31:21]} Nf6
{[%clk 1:31:00]} 3. Nxe5 {[%clk 1:31:46]} d6 {[%clk 1:31:23]} 4. Nf3
{[%clk 1:32:11]} Nxe4 {[%clk 1:31:26]} 5. d4 {[%clk 1:32:35]} d5 {[%clk 1:30:59]}
6. Bd3 {[%clk 1:33:00]} Bd6 {[%clk 1:30:33]} 7. O-O {[%clk 1:33:15]} O-O
{[%clk 1:30:21]} 8. c4 {[%clk 1:33:41]} c6 {[%clk 1:30:25]} 9. cxd5
{[%clk 1:34:03]} cxd5 {[%clk 1:30:43]} 10. Nc3 {[%clk 1:34:29]} Nxc3
{[%clk 1:19:14]} 11. bxc3 {[%clk 1:34:50]} Bg4 {[%clk 1:16:58]} 12. Rb1
{[%clk 1:34:53]} Nd7 {[%clk 1:09:03]} 13. h3 {[%clk 1:34:19]} Bh5
{[%clk 1:03:18]} 14. Rxb7 {[%clk 1:33:07]} Nb6 {[%clk 1:00:09]} 15. Qc2 Bg6
{[%clk 0:45:24]} 16. Ng5 {[%clk 1:30:05]} Qc8 {[%clk 0:24:16]} 17. Rxf7
{[%clk 1:29:14]} Bxf7 {[%clk 0:23:30]} 18. Bxh7+ {[%clk 1:15:35]} Kh8
{[%clk 0:23:59]} 19. Bg6 {[%clk 0:58:58]} Bxg6 {[%clk 0:22:53]} 20. Qxg6
{[%clk 0:59:25]} Qf5 {[%clk 0:23:18]} 21. Qxd6 {[%clk 0:59:50]} Rae8
{[%clk 0:22:27]} 22. Qg3 {[%clk 0:43:04]} Nc4 {[%clk 0:21:02]} 23. f3
{[%clk 0:39:36]} Kg8 {[%clk 0:15:51]} 24. Re1 {[%clk 0:37:57]} Qc2
{[%clk 0:12:28]} 25. Kh2 {[%clk 0:34:52]} Qg6 {[%clk 0:05:47]} 26. Rxe8
{[%clk 0:30:50]} Rxe8 {[%clk 0:06:08]} 27. Qg4 {[%clk 0:30:05]} Re2
{[%clk 0:02:12]} 28. f4 {[%clk 0:24:58]} Qe8 {[%clk 0:00:52]} 29. f5
{[%clk 0:24:48]} Rc2 {[%clk 0:00:35]} 30. Qh4 {[%clk 0:22:48]} Rxc1
{[%clk 0:00:39]} 31. Qh7+ {[%clk 0:22:53]} Kf8 {[%clk 0:01:08]} 32. Ne6+
{[%clk 0:22:44]} Ke7 {[%clk 0:01:31]} 33. Qxg7+ {[%clk 0:23:10]} Qf7
{[%clk 0:01:51]} 34. Qg5+ {[%clk 0:23:36]} Kd7 {[%clk 0:02:10]} 35. Qxc1
{[%clk 0:23:16]} Qxf5 {[%clk 0:02:36]} 36. Nc5+ {[%clk 0:23:23]} Ke7
{[%clk 0:01:20]} 37. Qe1+ {[%clk 0:22:44]} Kd6 {[%clk 0:01:21]} 38. Qh4
{[%clk 0:21:18]} Kc6 {[%clk 0:01:24]} 39. Qh6+ {[%clk 0:21:30]} Kc7
{[%clk 0:01:41]} 40. Qg7+ {[%clk 0:48:13]} Kd6 {[%clk 0:31:59]} 41. a4
{[%clk 0:45:12]} Kc6 {[%clk 0:26:57]} 42. Qb7+ {[%clk 0:43:38]} Kd6
{[%clk 0:27:15]} 43. Qb8+ {[%clk 0:44:02]} Kc6 {[%clk 0:27:24]} 44. Na6
{[%clk 0:44:20]} Kd7 {[%clk 0:26:00]} 45. Qxa7+ {[%clk 0:44:23]} Ke8
{[%clk 0:26:12]} 46. Qb8+ {[%clk 0:44:08]} Kf7 {[%clk 0:26:32]} 47. Qc7+
{[%clk 0:44:30]} Ke8 {[%clk 0:26:54]} 48. Nc5 {[%clk 0:44:48]} Nd2
{[%clk 0:24:35]} 49. Qe5+ {[%clk 0:44:57]} Qxe5+ {[%clk 0:25:00]} 50. dxe5
{[%clk 0:45:23]} Nb1 {[%clk 0:25:21]} 51. a5 {[%clk 0:45:48]} Nxc3
{[%clk 0:25:48]} 52. a6 {[%clk 0:46:13]} Nb5 {[%clk 0:26:15]} 53. h4
{[%clk 0:46:33]} 1-0

[Event "Ekstraliga 2019"]
[Site "Katowice"]
[Date "2019.08.29"]
[Round "2.8"]
[White "Brodowski, Piotr"]
[Black "Bluebaum, Matthias"]
[Result "0-1"]
[BlackElo "2619"]
[WhiteElo "2430"]
[WhiteTeam "Bialy Krol Wisznia Mala"]
[BlackTeam "KSz Stilon Gorzow"]
[LiveChessVersion "1.4.8"]

1. c4 {[%clk 1:30:53]} e6 {[%clk 1:30:52]} 2. Nf3 {[%clk 1:30:28]} d5
{[%clk 1:31:06]} 3. e3 {[%clk 1:28:37]} Nf6 {[%clk 1:31:25]} 4. b3
{[%clk 1:26:25]} c5 {[%clk 1:30:09]} 5. Bb2 {[%clk 1:25:40]} Nc6 {[%clk 1:30:29]}
6. cxd5 {[%clk 1:20:52]} exd5 {[%clk 1:30:51]} 7. Be2 {[%clk 1:20:34]} d4
{[%clk 1:29:58]} 8. exd4 {[%clk 1:15:47]} cxd4 {[%clk 1:29:39]} 9. Bb5
{[%clk 1:13:41]} Bc5 {[%clk 1:25:00]} 10. Qe2+ {[%clk 1:11:32]} Be6 11. Ng5
{[%clk 0:56:25]} Qd6 {[%clk 1:12:34]} 12. Nxe6 {[%clk 0:52:21]} fxe6
{[%clk 1:10:56]} 13. O-O {[%clk 0:44:11]} O-O {[%clk 1:06:55]} 14. Bxc6
{[%clk 0:42:36]} Qxc6 {[%clk 0:59:15]} 15. d3 {[%clk 0:41:46]} Nd5
{[%clk 0:55:29]} 16. Nd2 {[%clk 0:40:32]} Nf4 {[%clk 0:45:39]} 17. Qe4
{[%clk 0:37:13]} Rac8 {[%clk 0:41:11]} 18. g3 {[%clk 0:27:01]} Qxe4
{[%clk 0:34:42]} 19. Nxe4 {[%clk 0:27:10]} Ne2+ {[%clk 0:34:50]} 20. Kg2
{[%clk 0:27:35]} Be7 {[%clk 0:35:16]} 21. Bc1 {[%clk 0:13:50]} Rc2
{[%clk 0:34:22]} 22. Bd2 {[%clk 0:13:59]} Ba3 {[%clk 0:31:12]} 23. Rae1
{[%clk 0:13:32]} Nc3 {[%clk 0:31:25]} 24. Bf4 {[%clk 0:13:20]} Nxa2
{[%clk 0:22:34]} 25. Ng5 {[%clk 0:13:22]} Nb4 {[%clk 0:21:38]} 26. Ra1
{[%clk 0:05:07]} Bb2 {[%clk 0:18:30]} 27. Rxa7 {[%clk 0:05:31]} e5
{[%clk 0:17:22]} 28. Bxe5 {[%clk 0:04:41]} Nxd3 {[%clk 0:15:39]} 29. Bd6
{[%clk 0:05:02]} Re8 {[%clk 0:11:06]} 30. Rxb7 {[%clk 0:05:08]} h6
{[%clk 0:11:33]} 31. Nf3 {[%clk 0:05:02]} Ree2 {[%clk 0:11:33]} 32. g4
{[%clk 0:03:48]} Nxf2 {[%clk 0:10:47]} 33. Ng1 {[%clk 0:03:55]} Ne4+
{[%clk 0:09:30]} 34. Nxe2 {[%clk 0:04:21]} Rxe2+ {[%clk 0:09:57]} 35. Kf3
{[%clk 0:04:44]} Re3+ {[%clk 0:10:21]} 36. Kf4 {[%clk 0:05:01]} Nxd6
{[%clk 0:10:42]} 37. Rd7 {[%clk 0:05:27]} 0-1

[Event "Ekstraliga 2019"]
[Site "Katowice"]
[Date "2019.08.29"]
[Round "2.13"]
[White "Bartel, Mateusz"]
[Black "Matuszewski, Michal"]
[Result "1-0"]
[BlackElo "2518"]
[WhiteElo "2612"]
[WhiteTeam "VOTUM SA Polonia Wroclaw"]
[BlackTeam "KSz Dwie Wieze Krakow"]
[LiveChessVersion "1.4.8"]

1. d4 {[%clk 1:30:56]} Nf6 {[%clk 1:29:20]} 2. c4 {[%clk 1:31:17]} e6
{[%clk 1:29:01]} 3. Nc3 {[%clk 1:31:44]} Bb4 {[%clk 1:27:18]} 4. Nf3
{[%clk 1:31:30]} b6 {[%clk 1:26:30]} 5. e3 {[%clk 1:31:23]} Bb7 {[%clk 1:25:38]}
6. Bd2 {[%clk 1:31:50]} c5 {[%clk 1:23:25]} 7. a3 {[%clk 1:28:16]} Bxc3
{[%clk 1:19:48]} 8. Bxc3 {[%clk 1:28:42]} Ne4 {[%clk 1:19:41]} 9. Rc1
{[%clk 1:28:09]} O-O {[%clk 1:17:38]} 10. Bd3 {[%clk 1:16:40]} cxd4 11. Bxe4
{[%clk 1:12:59]} Bxe4 {[%clk 1:13:10]} 12. Qxd4 {[%clk 1:13:16]} 1-0

[Event "Ekstraliga 2019"]
[Site "Katowice"]
[Date "2019.08.29"]
[Round "2.19"]
[White "Wojtaszek, Radoslaw"]
[Black "Tomczak, Jacek"]
[Result "1-0"]
[BlackElo "2628"]
[WhiteElo "2739"]
[WhiteTeam "Wasko HETMAN GKS Katowice"]
[BlackTeam "Akademia Szachowa Gliwice"]
[LiveChessVersion "1.4.8"]

1. d4 {[%clk 1:30:57]} Nf6 {[%clk 1:30:50]} 2. c4 {[%clk 1:31:23]} e6
{[%clk 1:31:10]} 3. Nf3 {[%clk 1:31:48]} Bb4+ {[%clk 1:31:30]} 4. Bd2
{[%clk 1:32:09]} Qe7 {[%clk 1:31:45]} 5. g3 {[%clk 1:32:31]} Bxd2+
{[%clk 1:31:58]} 6. Qxd2 {[%clk 1:32:53]} Nc6 {[%clk 1:32:07]} 7. b3
{[%clk 1:33:09]} d5 {[%clk 1:31:59]} 8. Bg2 {[%clk 1:33:50]} dxc4
{[%clk 1:23:30]} 9. bxc4 {[%clk 1:33:50]} O-O {[%clk 1:23:52]} 10. O-O
{[%clk 1:34:09]} e5 {[%clk 1:22:44]} 11. d5 {[%clk 1:34:33]} Nb8 {[%clk 1:22:52]}
12. Qe3 {[%clk 1:34:20]} Nbd7 {[%clk 1:07:35]} 13. Nc3 {[%clk 1:34:20]} Ng4 14.
Qg5 {[%clk 1:18:29]} Qxg5 {[%clk 0:59:12]} 15. Nxg5 {[%clk 1:15:04]} Ngf6
{[%clk 0:24:35]} 16. Rfc1 {[%clk 1:00:51]} a6 {[%clk 0:14:17]} 17. Rab1
{[%clk 0:54:45]} h6 {[%clk 0:11:23]} 18. Nf3 {[%clk 0:47:33]} Ra7
{[%clk 0:06:42]} 19. Nd2 {[%clk 0:41:39]} Re8 20. Nb3 {[%clk 0:41:58]} e4
{[%clk 0:03:30]} 21. c5 {[%clk 0:36:24]} Ne5 22. Nd2 {[%clk 0:36:49]} e3
{[%clk 0:02:46]} 23. fxe3 {[%clk 0:36:49]} Neg4 {[%clk 0:01:58]} 24. e4
{[%clk 0:32:49]} Ne5 25. Nd1 {[%clk 0:33:12]} Bd7 {[%clk 0:01:59]} 26. Rb4
{[%clk 0:32:42]} b6 {[%clk 0:00:55]} 27. c6 {[%clk 0:30:41]} Bg4 {[%clk 0:00:56]}
28. Kf1 {[%clk 0:30:34]} Raa8 {[%clk 0:00:55]} 29. Ne3 {[%clk 0:30:02]} Rad8
{[%clk 0:00:57]} 30. Ndc4 {[%clk 0:27:05]} Nxc4 31. Rbxc4 {[%clk 0:24:30]} Bc8
{[%clk 0:00:59]} 32. Rd4 Re7 33. d6 {[%clk 0:19:09]} cxd6 {[%clk 0:01:03]} 34.
Nc4 {[%clk 0:19:25]} b5 {[%clk 0:00:33]} 35. Nxd6 {[%clk 0:19:13]} Rc7
{[%clk 0:00:58]} 36. Nxb5 {[%clk 0:12:29]} Rxd4 {[%clk 0:00:33]} 37. Nxc7
{[%clk 0:12:29]} Nxe4 {[%clk 0:00:33]} 38. Bxe4 {[%clk 0:12:24]} Rxe4
{[%clk 0:00:59]} 39. Nd5 {[%clk 0:12:43]} Kf8 {[%clk 0:01:18]} 40. c7
{[%clk 0:42:27]} Re8 {[%clk 0:27:51]} 41. Rb1 {[%clk 0:40:14]} Bg4
{[%clk 0:27:51]} 42. Rb8 {[%clk 0:39:42]} Bxe2+ {[%clk 0:27:30]} 43. Kf2
{[%clk 0:39:26]} Bg4 {[%clk 0:26:37]} 1-0

[Event "Ekstraliga 2019"]
[Site "Katowice"]
[Date "2019.08.29"]
[Round "2.20"]
[White "Czarnota, Pawel"]
[Black "Navara, David"]
[Result "0-1"]
[BlackElo "2724"]
[WhiteElo "2532"]
[WhiteTeam "Akademia Szachowa Gliwice"]
[BlackTeam "Wasko HETMAN GKS Katowice"]
[LiveChessVersion "1.4.8"]

1. e4 {[%clk 1:30:56]} c5 {[%clk 1:30:56]} 2. Nf3 {[%clk 1:31:17]} e6
{[%clk 1:31:20]} 3. d4 {[%clk 1:31:40]} cxd4 {[%clk 1:31:46]} 4. Nxd4
{[%clk 1:32:06]} Nf6 {[%clk 1:32:10]} 5. Nc3 {[%clk 1:32:31]} Nc6
{[%clk 1:32:36]} 6. Nxc6 {[%clk 1:32:47]} bxc6 {[%clk 1:33:01]} 7. e5
{[%clk 1:33:13]} Nd5 {[%clk 1:33:26]} 8. Ne4 {[%clk 1:33:38]} Qc7
{[%clk 1:33:33]} 9. f4 {[%clk 1:34:01]} Qb6 {[%clk 1:33:45]} 10. c4
{[%clk 1:34:17]} Bb4+ {[%clk 1:34:11]} 11. Ke2 {[%clk 1:34:25]} f5
{[%clk 1:32:50]} 12. exf6 {[%clk 1:34:29]} Nxf6 {[%clk 1:33:00]} 13. Be3
{[%clk 1:34:11]} Qd8 {[%clk 1:32:51]} 14. Nd6+ {[%clk 1:33:58]} Bxd6
{[%clk 1:33:13]} 15. Qxd6 {[%clk 1:34:24]} Bb7 {[%clk 1:33:17]} 16. Kd1
{[%clk 1:13:25]} c5 {[%clk 1:32:21]} 17. Bd3 Rc8 {[%clk 1:22:32]} 18. Kc2
{[%clk 1:02:22]} Qb6 {[%clk 1:04:36]} 19. Qxb6 {[%clk 0:27:31]} axb6
{[%clk 1:04:48]} 20. a4 {[%clk 0:25:35]} Bxg2 {[%clk 0:54:01]} 21. Rhg1
{[%clk 0:25:58]} Be4 {[%clk 0:54:20]} 22. Rxg7 {[%clk 0:21:26]} Bg6
{[%clk 0:54:41]} 23. f5 {[%clk 0:17:49]} Nh5 {[%clk 0:54:35]} 24. Bh6
{[%clk 0:07:40]} Nxg7 {[%clk 0:53:05]} 25. Bxg7 {[%clk 0:05:24]} Rg8
{[%clk 0:53:24]} 26. fxg6 {[%clk 0:05:49]} Rxg7 {[%clk 0:53:44]} 27. gxh7
{[%clk 0:06:17]} Rg2+ {[%clk 0:51:32]} 28. Kc3 {[%clk 0:06:39]} Rxh2
{[%clk 0:51:13]} 29. a5 {[%clk 0:05:50]} bxa5 {[%clk 0:51:13]} 30. Rxa5
{[%clk 0:06:16]} Ke7 {[%clk 0:49:53]} 31. b4 {[%clk 0:06:01]} Rf8
{[%clk 0:37:14]} 32. bxc5 {[%clk 0:01:24]} Rf3 {[%clk 0:37:36]} 33. c6
{[%clk 0:01:44]} Rxh7 {[%clk 0:37:07]} 34. c5 {[%clk 0:02:10]} Rhh3
{[%clk 0:35:47]} 35. c7 {[%clk 0:02:18]} Rxd3+ {[%clk 0:35:56]} 36. Kc4
{[%clk 0:00:42]} Rc3+ {[%clk 0:32:17]} 37. Kb4 {[%clk 0:01:07]} Rb3+
{[%clk 0:32:42]} 38. Ka4 {[%clk 0:00:31]} Ra3+ {[%clk 0:33:01]} 39. Kb4
{[%clk 0:00:58]} Rhb3+ {[%clk 0:33:23]} 40. Kc4 {[%clk 0:31:23]} Rxa5
{[%clk 1:03:28]} 41. c8=Q {[%clk 0:31:16]} Rab5 {[%clk 1:03:54]} 42. c6
{[%clk 0:28:41]} R5b4+ {[%clk 1:04:16]} 43. Kc5 {[%clk 0:29:06]} d6#
{[%clk 1:04:43]} 0-1

[Event "Ekstraliga 2019"]
[Site "Katowice"]
[Date "2019.08.29"]
[Round "2.21"]
[White "Socko, Bartosz"]
[Black "Olszewski, Michal"]
[Result "0-1"]
[BlackElo "2522"]
[WhiteElo "2625"]
[WhiteTeam "Wasko HETMAN GKS Katowice"]
[BlackTeam "Akademia Szachowa Gliwice"]
[LiveChessVersion "1.4.8"]

1. e4 {[%clk 1:30:56]} e5 {[%clk 1:30:54]} 2. Nf3 {[%clk 1:31:21]} Nc6
{[%clk 1:31:20]} 3. d4 {[%clk 1:31:45]} exd4 {[%clk 1:31:32]} 4. Nxd4
{[%clk 1:32:04]} Bc5 {[%clk 1:31:17]} 5. Nb3 {[%clk 1:32:21]} Bb4+
{[%clk 1:30:04]} 6. c3 {[%clk 1:31:03]} Be7 {[%clk 1:29:54]} 7. g3
{[%clk 1:30:44]} d6 {[%clk 1:23:58]} 8. Bg2 {[%clk 1:30:33]} h5 {[%clk 1:23:23]}
9. h3 {[%clk 1:27:57]} Be6 {[%clk 1:17:29]} 10. Be3 {[%clk 1:27:52]} Qd7
{[%clk 1:14:36]} 11. Qe2 Nf6 {[%clk 0:49:08]} 12. c4 {[%clk 1:20:37]} a6
{[%clk 0:31:16]} 13. Nc3 {[%clk 1:14:41]} b5 {[%clk 0:24:32]} 14. Nd5
{[%clk 0:58:05]} bxc4 {[%clk 0:10:01]} 15. Qxc4 {[%clk 0:58:10]} Bd8
{[%clk 0:07:19]} 16. f4 {[%clk 0:51:45]} O-O {[%clk 0:05:19]} 17. Rc1
{[%clk 0:51:50]} Na7 {[%clk 0:01:33]} 18. Nd4 {[%clk 0:46:44]} Bxd5
{[%clk 0:01:56]} 19. exd5 {[%clk 0:47:08]} Re8 {[%clk 0:02:24]} 20. Qd3
{[%clk 0:45:46]} Nc8 {[%clk 0:01:16]} 21. O-O {[%clk 0:45:21]} Nb6
{[%clk 0:01:34]} 22. Nc6 {[%clk 0:40:58]} Nfxd5 {[%clk 0:00:49]} 23. Bf2
{[%clk 0:38:44]} Nf6 {[%clk 0:00:41]} 24. Bxb6 {[%clk 0:38:07]} cxb6
{[%clk 0:01:08]} 25. Ne5 {[%clk 0:38:25]} Qa7 {[%clk 0:00:49]} 26. Bxa8
{[%clk 0:36:34]} dxe5 {[%clk 0:01:15]} 27. Bc6 {[%clk 0:34:35]} b5+
{[%clk 0:01:41]} 28. Kg2 {[%clk 0:34:22]} e4 {[%clk 0:02:00]} 29. Qd1
{[%clk 0:31:40]} Rf8 {[%clk 0:02:22]} 30. g4 {[%clk 0:29:50]} hxg4
{[%clk 0:02:43]} 31. hxg4 {[%clk 0:30:16]} Ba5 {[%clk 0:03:09]} 32. Qe2
{[%clk 0:27:50]} g6 {[%clk 0:00:59]} 33. g5 {[%clk 0:27:27]} Rd8 {[%clk 0:00:54]}
34. Rfd1 {[%clk 0:23:48]} Rxd1 {[%clk 0:00:53]} 35. Rxd1 {[%clk 0:24:00]} Qc7
{[%clk 0:01:16]} 36. Bxe4 {[%clk 0:21:40]} Nh5 {[%clk 0:01:41]} 37. Qg4
{[%clk 0:20:23]} Nxf4+ {[%clk 0:02:06]} 38. Kf3 {[%clk 0:15:52]} Nh5
{[%clk 0:02:32]} 39. Bxg6 {[%clk 0:14:29]} fxg6 {[%clk 0:02:47]} 40. Qe6+
{[%clk 0:44:54]} Qf7+ {[%clk 0:30:41]} 41. Qxf7+ {[%clk 0:45:05]} Kxf7
{[%clk 0:31:02]} 42. Rd6 {[%clk 0:45:13]} Bb4 {[%clk 0:26:38]} 43. Rxa6
{[%clk 0:44:46]} Be7 {[%clk 0:21:19]} 44. a3 {[%clk 0:44:14]} Ng7
{[%clk 0:21:12]} 45. Rb6 {[%clk 0:42:49]} Ne6 {[%clk 0:21:33]} 46. Ke4
{[%clk 0:42:07]} Nc7 {[%clk 0:20:54]} 47. Rb7 {[%clk 0:22:45]} Bd6
{[%clk 0:19:59]} 48. b3 {[%clk 0:23:04]} Ke6 {[%clk 0:19:18]} 49. a4
{[%clk 0:22:58]} b4 {[%clk 0:09:49]} 50. a5 {[%clk 0:18:31]} Kd7 {[%clk 0:09:48]}
51. Rb6 {[%clk 0:16:46]} Na8 {[%clk 0:08:37]} 52. Rb7+ {[%clk 0:17:11]} Nc7
{[%clk 0:09:03]} 53. Kd4 {[%clk 0:17:05]} Be7 {[%clk 0:02:20]} 54. Rb6
{[%clk 0:16:25]} Bxg5 {[%clk 0:02:25]} 55. a6 {[%clk 0:15:48]} Be3+
{[%clk 0:02:15]} 56. Kxe3 {[%clk 0:15:37]} Nd5+ {[%clk 0:02:41]} 57. Kd4
{[%clk 0:16:02]} Nxb6 {[%clk 0:03:08]} 58. Kc5 {[%clk 0:16:29]} Nc8
{[%clk 0:01:59]} 59. Kxb4 {[%clk 0:16:50]} Kc6 {[%clk 0:02:24]} 60. Kc4
{[%clk 0:17:03]} Kb6 {[%clk 0:02:04]} 61. Kd5 {[%clk 0:16:43]} Kxa6
{[%clk 0:02:22]} 62. Kc6 {[%clk 0:16:48]} Ne7+ {[%clk 0:02:29]} 63. Kd6
{[%clk 0:17:07]} Kb5 {[%clk 0:02:31]} 64. Kxe7 {[%clk 0:17:21]} g5
{[%clk 0:02:58]} 0-1